[Event "Manizales op 28th"]
[Site "Manizales"]
[Date "2023.01.09"]
[Round "8"]
[White "Agudelo Ramirez, Santiago"]
[Black "Duran Lopez, Arlesc"]
[Result "0-1"]
[WhiteElo "1368"]
[BlackElo "1546"]
[PlyCount "50"]
[EventDate "2023.01.05"]
[EventType "swiss"]
[EventRounds "8"]
[EventCountry "COL"]
[SourceTitle "CBM 212 Extra"]
[Source "ChessBase"]
[SourceDate "2023.03.31"]
[SourceVersion "1"]
[SourceVersionDate "2023.03.31"]
[SourceQuality "1"]

1. e4 e5 2. Nf3 Nc6 3. Bc4 Nd4 4. Nxe5 Qg5 5. Nf3 Qxg2 6. Nxd4 Qxh1+ 7. Bf1 Qxe4+ 8. Ne2 Ne7 9. d3 Qe6 10. Nbc3 Nc6 11. Bf4 Nd4 12. Bg2 Bb4 13. Be4 Nxe2 14. Qxe2 Bxc3+ 15. bxc3 d6 16. d4 0-0 17. d5 Qg4 18. Qxg4 Bxg4 19. f3 Rae8 20. Kd2 f5 21. fxg4 Rxe4 22. Be3 fxg4 23. Rg1 Rfe8 24. Re1 R4e5 25. c4 b5 0-1